| 000 | 01137cad a2200289 4500 | ||
|---|---|---|---|
| 001 | L158801 | ||
| 008 | 100215n2013 000 0 eng u | ||
| 020 | _a9781783210305 | ||
| 035 | _a(Sirsi) u158801 | ||
| 041 | _aeng | ||
| 100 | 1 | _aBowen, Paul | |
| 111 | 2 |
_aConstruction and Building Research Conference _cIIT Delhi, New Delhi _d10-12 September 2013 |
|
| 245 | 0 | 0 |
_aHIV/AIDS interventions by construction firms _bA mixed methods analysis of survey data _h[electronic resource] |
| 260 |
_aLondon _bRICS _c2013 |
||
| 490 | 0 |
_aCOBRA _v2013 |
|
| 520 | _aA paper presented at the COBRA Conference in New Delhi on 10-12 September 2013. Looks into the shortcomings of HIV AIDS intervention management by construction firms in South Africa and proposes an industry-wide joint approach to improve the current situation. | ||
| 650 | 2 | 4 | _aCONSTRUCTION AND BUILDING RESEARCH CONFERENCE (COBRA) |
| 650 | 2 | 4 | _aHIV |
| 650 | 2 | 4 | _aAIDS |
| 650 | 2 | 4 | _aCONSTRUCTION |
| 651 | 4 | _aSouth Africa | |
| 690 |
_aHealth and safety _96244 |
||
| 700 | 1 | _aEdwards, Peter | |
| 700 | 1 | _aCattell, Keith | |
| 700 | 1 | _aSimbayi, Leickness | |
| 942 | _n0 | ||
| 999 |
_c115512 _d115512 |
||